| 000 | 00641nam a2200217 a 4500 | ||
|---|---|---|---|
| 005 | 20230130160431.0 | ||
| 008 | 230130t2019 m ||||| |||| 00| 0 eng d | ||
| 020 | 0 | 0 | _a9789832423584 |
| 040 | _aAKMAL | ||
| 082 | _a158.1 AIM | ||
| 090 | 0 | 0 |
_a158.1 _bAIM |
| 100 |
_aAiman Azlan _99490 |
||
| 245 | 1 | 0 |
_aUnshakeable : _bhow to be confident when you're nervous _cAiman Azlan |
| 250 | 0 | 0 | _aFourth edition |
| 260 | 0 | 0 |
_aSelangor : _bIMAN Publication Sdn Bhd, _c2019 |
| 300 |
_a247ms. : _bill. ; _c21cm |
||
| 650 | 0 | 0 |
_aSelf _xconfidence _99491 |
| 650 | 0 | 0 |
_aConfidence _99492 |
| 650 | 0 | 0 |
_aSelf _xactualization (Psychology) _99493 |
| 942 |
_2ddc _cBOOK |
||
| 999 |
_c4966 _d4966 |
||